Bangkok : (Record no. 6366)
[ view plain ]
| 000 -LEADER | |
|---|---|
| fixed length control field | 02832nam a22002777a 4500 |
| 001 - CONTROL NUMBER | |
| control field | 6366 |
| 003 - CONTROL NUMBER IDENTIFIER | |
| control field | FISKH |
| 005 - DATE AND TIME OF LATEST TRANSACTION | |
| control field | 20250424101106.0 |
| 008 - FIXED-LENGTH DATA ELEMENTS--GENERAL INFORMATION | |
| fixed length control field | 250424b cb ||||| |||| 00| 0 eng d |
| 020 ## - INTERNATIONAL STANDARD BOOK NUMBER | |
| International Standard Book Number | 9781741795875 |
| 040 ## - CATALOGING SOURCE | |
| Original cataloging agency | FISKH |
| Language of cataloging | eng |
| Transcribing agency | FISKH |
| Modifying agency | FISKH |
| 050 ## - LIBRARY OF CONGRESS CALL NUMBER | |
| Classification number | DS589.B2 C86 |
| 082 ## - DEWEY DECIMAL CLASSIFICATION NUMBER | |
| Classification number | 915.93 |
| 100 ## - MAIN ENTRY--PERSONAL NAME | |
| Personal name | Burke, Andrew |
| 245 ## - TITLE STATEMENT | |
| Title | Bangkok : |
| Remainder of title | City guide / |
| Statement of responsibility, etc. | By Andrew Burke and Austin Bush |
| 250 ## - EDITION STATEMENT | |
| Edition statement | First published , September 1992 |
| 260 ## - PUBLICATION, DISTRIBUTION, ETC. | |
| Place of publication, distribution, etc. | Fort Mill : |
| Name of publisher, distributor, etc. | Lonely Planet , |
| Date of publication, distribution, etc. | 2011. |
| 300 ## - PHYSICAL DESCRIPTION | |
| Extent | 304 pages : |
| Other physical details | color illustrations, maps ; |
| Dimensions | 20 cm . |
| 490 ## - SERIES STATEMENT | |
| Series statement | Lonely Planet |
| 520 ## - SUMMARY, ETC. | |
| Summary, etc. | Lonely Planet's local travel experts reveal all you need to know to plan the trip of a lifetime to Bangkok. Discover Bangkok's most popular experiences and best kept secrets - neighbourhood by neighbourhood - from visiting Wat Suthat to marvel at one of Thailand's biggest Buddhas to taking a sunset sightseeing river cruise from Sathron/Central Pier, and indulging your senses at Bang Rak's historic Spice Alley. Build a trip to remember with Lonely Planet's Bangkok travel guide:Our classic guidebook format provides you with the most comprehensive level of information for planning multi-week tripsUpdated with an all new structure and design so you can navigate Bangkok and connect experiences together with easeCreate your ideal trip with exciting Perfect Day itineraries with suggestions of unmissable attractions and activities to match your passions, plus day trips from Bangkok so you can explore the surrounding areasGet fresh takes on must-visit sights including Wat Arun Temple; the abandon Sathorn Unique Tower; and the Golden Mount monasterySpecial features on Bangkok's nightlife, eat like a local, navigate the marketsExpert local recommendations on when to go, eating, drinking, nightlife, shopping, accommodation, adventure activities, festivals, and moreEssential information toolkit containing tips on arriving; transport; making the most of your time and money; LGBTIQ+ travel advice; useful words and phrases; accessibility; and responsible travelConnect with Bangkok culture through stories that delve deep into local life, history, and traditions Inspiring full-colour travel photography and maps including a pull out map of BangkokCovers Ko Ratanakosin & Thonburi; Banglamphu; Thewet & Dusit; Chinatown; Siam Square, Pratunam, Phloen Chi & Ratchathewi; Riverside, Silom & Lumphini; Sukhumvit; Northern Bangkok plus day trips to Ayuthaya; Amphawa; Nakhon Pathom; Phetchaburi; Kanchanaburi; Lop Buri Create a trip that's uniquely yours and get to the heart of this extraordinary city with Lonely Planet's Bangkok. |
| 650 ## - SUBJECT ADDED ENTRY--TOPICAL TERM | |
| Topical term or geographic name entry element | Lonely Planet |
| Form subdivision | Non-fiction |
| 650 ## - SUBJECT ADDED ENTRY--TOPICAL TERM | |
| Topical term or geographic name entry element | Southeast Asia |
| Form subdivision | Non-fiction |
| 700 ## - ADDED ENTRY--PERSONAL NAME | |
| Personal name | Bush, Austin |
| Relator term | Illustrator |
| 942 ## - ADDED ENTRY ELEMENTS (KOHA) | |
| Source of classification or shelving scheme | Dewey Decimal Classification |
| Koha item type | Books |
| Suppress in OPAC | No |
| Withdrawn status | Lost status | Source of classification or shelving scheme | Damaged status | Not for loan | Collection | Home library | Current library | Shelving location | Date acquired | Total Checkouts | Full call number | Barcode | Date last seen | Date last checked out | Price effective from | Koha item type |
|---|---|---|---|---|---|---|---|---|---|---|---|---|---|---|---|---|
| Dewey Decimal Classification | Non-Fiction | Footprints International School Library Network Toul Tom Poung Campus | Footprints International School Library Network Toul Tom Poung Campus | TTP Secondary Non-Fiction Bookshelves | 04/24/2025 | 1 | BUR 915.93 DS589.B2 C86 | 2025-1112 | 08/19/2025 | 08/18/2025 | 04/24/2025 | Books |
